| 000 | 00774cam a2200205 a 4500 | ||
|---|---|---|---|
| 001 | 13213929 | ||
| 005 | 20170922112644.0 | ||
| 008 | 030527s2003 mau b 001 0ceng | ||
| 020 | _a0861713818 (pbk. : acidfree paper) | ||
| 040 | _cPK-LaUMT | ||
| 082 | 0 | 0 |
_a294.30922 _221 _bNYA-G |
| 100 | 0 | _aThera, Nyanaponika | |
| 245 | 1 | 0 |
_aGreat disciples of the Buddha : _btheir lives, their works, their legacy / _cNyanaponika Thera and Hellmuth Hecker ; edited with an introduction by Bhikkhu Bodhi. |
| 260 |
_aBoston : _bWisdom Publications in collaboration with the Buddhist Publication Society of Kandy, Sri Lanka, _c2003 |
||
| 300 |
_axxxiii, 411 p. ; _c23 cm. |
||
| 700 | 1 | _aHecker, Hellmuth. | |
| 700 | 0 | _aBodhi, | |
| 710 | 2 | _aBuddhist Publication Society. | |
| 942 | _cBK | ||
| 999 |
_c98410 _d98410 |
||